El Valor de las sentencias del Tribunal Constitucional / Raúl Bocanegra Sierra ; prólogo por Rafael Gómez-Ferrer Morant
ISBN:
84-7088-299-6
Descripción Física:
XVI, 286 p. ; 21 cm
Colección:
Estudios. Derecho público
Otros Autores:
Gómez-Ferrer Morant, Rafael
MARC
| LEADER | 00000nam a2200000Ia 4500 | ||
|---|---|---|---|
| 001 | 18782 | ||
| 008 | 160829s1982 xx 000 0 cat d | ||
| 020 | |a 84-7088-299-6 | ||
| 080 | |a D-3-156 | ||
| 100 | |a Bocanegra Sierra, Raúl |9 28266 | ||
| 245 | |a El Valor de las sentencias del Tribunal Constitucional / Raúl Bocanegra Sierra ; prólogo por Rafael Gómez-Ferrer Morant | ||
| 260 | |a Madrid : |b Instituto de Estudios de Administración Local, |c 1982 | ||
| 300 | |a XVI, 286 p. ; |c 21 cm | ||
| 490 | |a Estudios. Derecho público | ||
| 610 | 0 | |a Espanya. |b Tribunal Constitucional |9 10171 | |
| 650 | |a Sentències |x Espanya |9 45974 | ||
| 650 | 0 | |a Dret |x Filosofia |9 29064 | |
| 650 | |a Jurisprudència |x Espanya |9 45976 | ||
| 650 | |a Tribunals constitucionals |x Espanya |9 45977 | ||
| 700 | |a Gómez-Ferrer Morant, Rafael |9 45978 | ||
| 710 | 2 | |a Instituto de Estudios de Administración Local (Espanya) |9 54775 | |
| 901 | |a Arxiu | ||
| 942 | |n 1 | ||
| 952 | |0 1 |1 0 |2 udc |4 0 |5 2 |6 D3156 |7 1 |9 52915 |a Arxiu |b Arxiu |d 2016-12-01 |l 0 |o D-3-156 |p 18782 |r 2016-12-01 00:00:00 |w 2016-12-01 |y ARXIU | ||
| 999 | |c 56764 |d 56764 | ||